000 02145nam a22002897a 4500
001 7212
003 FISKH
005 20250702152222.0
008 250702b cb ||||| |||| 00| 0 eng d
020 _a9780590483407
040 _aFISKH
_beng
_cFISKH
_dFISKH
050 _aPZ7.S86037
082 _a813.54
100 _aStine, R.L
_d(1943-)
245 _aGoosebumps :
_bA shocker on shook street /
_cR.L. Stine
250 _aThis edition first published in 1995
260 _aNew York :
_bScholastic,
_c1995
300 _a117 pages :
_c20 cm
505 _aJ
520 _aGoosebumps now on Disney+! The original books featuring the scariest creatures from the Goosebumps movie, in theaters October 16, 2015!Erin Wright and her best friend, Marty, love horror movies. Especially Shocker on Shock Street movies. All kinds of scary creatures live on Shock Street. The Toadinator. Ape Face. The Mad Mangler.But when Erin and Marty visit the new Shocker Studio Theme Park, they get the scare of their lives. First their tram gets stuck in The Cave of the Living Creeps. Then they're attacked by a group of enormous praying mantises!Real life is a whole lot scarier than the movies. But Shock Street isn't really real. Is it? R.L. Stine is the creator of the bestselling Goosebumps series, which has more than 400 million copies in print worldwide and celebrated 25 years in 2017. Goosebumps is one of the bestselling children's series of all-time and inspired a popular television show, as well as a feature film starring Jack Black that opened at #1 at the box office. His other popular children's books include the series Fear Street, Mostly Ghostly, The Nightmare Room, and Rotten School, and his picture books, with Marc Brown, The Little Shop of Monsters and Mary McScary. R.L. Stine lives in New York City. You can connect with him on Twitter at @RL_Stine or Facebook: facebook.com/rlstine. For more information, visit rlstine.com and scholastic.com/goosebumps.
521 8 _a480
_bLexile
521 8 _aJ
_bRaz-Plus
650 _2Children's
_aHorror
650 _2 Scary
_aSupernatural
942 _2ddc
_cBK
_n0
999 _c7212
_d7212